00773nam a2200205 i 450000100060000000300090000600500170001500700030003200800410003510000450007624501340012126000320025530000220028749000280030965000230033783000360036085200320039699900170042895201220044574030ES-MaACL20230906172008.0t|040914s1967 sp ||||1| spa d1 aGonzález de Cardedal, Olegario.95853210a¿Crisis de seminarios o crisis de sacerdotes? b: meditación de una España posconciliar / cOlegario González de Cardedal. aMadrid : bMarova, c[1967] a490 p. ; c21 cm.1 aChristus Sacerdos ; v404aSacerdotes.9169590 aChristus Sacerdos ; v49231193 aES-MaACLjC-33777 bR.64860 c74030d74030 00104070aATENEOMbATENEOMcDEPO2d2008-01-17eSCl0oC-33777p1077490r2023-02-23 00:00:00w2023-02-23yMONOGRAFIA